000 00592cam a22002414a 4500
005 20250731113205.0
008 250528s ||||||||||||||||||||||||d
035 _a21862
020 _a9780130284174
040 _aGR-AtMCL
_bgre
_dGR-AtMCL
_eAACR2
245 1 _aXML HOW TO PROGRAM
250 _a1
260 _bPrentice Hall,
_c2001
300 _a934
700 1 _aDeitel, Harvey M.,
_d1945-
_91838
700 1 _aDeitel, Paul J.
_91839
700 1 _aLin M. T.
_91901
700 1 _aNieto T.R
_91840
700 1 _aSadhu P
_97760
942 _cBK
999 _c6920
_d6920